LEADER 00951nam a22002054a 4500
008 150112n ii |||gr||||Z||||||eng
020 |a 0471428620 
082 |a 519.233 ISA 
100 |a Isaacson, Dean, L,  |q (Isaacson, Dean, L). 
245 |a Markov Chains Theory and Applications  |c Isaacson, Dean, L  |h Textual Documents 
260 |a New York:  |b John Wiley & Sons,  |c 1976. 
300 |a X,256p.:  |e 07021. 
490 |6 07021  |a Wiley Series In Probability and Mathematical Statistics. 
630 |a Markov Processes-Statistics, Radio limit Theorm, Algibraic Review. 
653 |a Fundamental Concepts of Markov Chain,Renewal Theorem,Ergodic Coefficient 
700 |a Madsen, Richard, W,  |q (Madsen, Richard, W). 
852 |t 1  |p STA07021  |b Text Books  |k 519.233 ISA  |f 00000  |c Shelf - 10 
942 |c BK 
999 |c 216374  |d 216374 
952 |0 0  |1 0  |4 0  |6 519_233000000000000_ISA  |7 0  |9 230397  |a STA  |b STA  |c Shelf - 10  |d 2019-12-11  |l 0  |o 519.233 ISA  |p STA07021  |r 2019-12-11  |t 1  |w 2019-12-11  |y BK